[Event "Stay Safe Play From Home 329"]
[Site "Mustafa Kemal Atatürk"]
[Date "2020.07.24"]
[Round "1"]
[White "Mepe_Nika"]
[Black "Padmaesh M K"]
[Result "1-0"]
[WhiteElo "2421"]
[BlackElo "1716"]
[Annotator "TA"]
[PlyCount "77"]
[EventDate "2020.07.24"]
[EventType "swiss (blitz)"]

{[%evp 9,76,7,6,1,8,-27,25,35,35,12,16,30,16,12,13,11,56,12,39,6,44,16,19,-20,-23,-68,-85,-79,-25,-25,-24,-16,-22,-64,0,-1,55,19,52,35,69,57,64,62,83,63,91,90,78,86,231,231,231,231,231,231,442,431,428,370,370,277,29982,29983,29992,29993,29993,29993,29999]} 1. d4 Nf6 2. Bf4 d5 3. e3 Bf5 4. c4 e6 5. Nc3 Bb4 6. Qb3 {D00: 1 d4 d5: Unusual lines.} Nc6 7. Nf3 Bxc3+ {[#]} ({Black should play} 7... a5 8. O-O-O O-O) 8. Qxc3 $146 {White has an edge.} ({Predecessor:} 8. bxc3 Rb8 9. Bg5 dxc4 10. Bxc4 O-O 11. O-O h6 12. Bh4 a6 13. Rad1 b5 14. Bd3 Na5 {½-½ (54) Galushko,K-Slusarczyk,M Budva 2013}) 8... O-O 9. Nd2 dxc4 10. Bxc4 Nd5 11. Bxd5 $1 exd5 12. O-O Rc8 13. b4 Qf6 14. Nb3 Qg6 15. Bg3 h5 16. h4 Ne7 17. Nc5 b6 18. Nb3 Be4 (18... Bd7 $17 19. Rfc1 Nf5) 19. Nd2 Nf5 20. Nxe4 dxe4 21. Qe1 Nxg3 (21... c5 $15 22. bxc5 bxc5 23. dxc5 Rxc5) 22. fxg3 Qh6 (22... Qe6 $11) 23. Rf4 f5 24. Qf1 c5 25. bxc5 bxc5 26. Qc4+ {[%mdl 64] [#] Double Attack} Kh8 27. dxc5 Qd6 28. cxd6 {White wants to mate with Rxf5!} Rxc4 $16 {[%mdl 4096] Endgame KRR-KRR} 29. Raf1 Rd8 {Black cannot hold the game after this.} (29... g6 $16 {was called for.}) 30. Rxf5 $18 {[#] Hoping for Rf8+.} Rxd6 31. Rxh5+ Kg8 32. Ra5 Rdc6 $2 (32... a6 33. Rf4 Rc2) 33. Rxa7 Rc2 34. Rff7 Rg6 35. Kh2 Rxg3 $2 (35... Re2 $18 36. Rf4 Rxe3) 36. Kxg3 {White mates.} Kh7 37. Rxg7+ Kh8 38. Rgc7 {[%cal Ra7a8]} Kg8 39. Ra8# {Accuracy: White = 68%, Black = 37%.} 1-0

[Event "Stay Safe Play From Home 329"]
[Site "Mustafa Kemal Atatürk"]
[Date "2020.07.24"]
[Round "1"]
[White "Little champs"]
[Black "Schachwerk_64"]
[Result "1-0"]
[WhiteElo "2346"]
[BlackElo "1902"]
[Annotator "NA"]
[PlyCount "61"]
[EventDate "2020.07.24"]
[EventType "swiss (blitz)"]

1. d4 {[%emt 0:00:00]} Nc6 {[%emt 0:00:01]} 2. e3 {[%emt 0:00:00]} d5 {[%emt 0:00:01]} 3. Nf3 {[%emt 0:00:00]} Bg4 {[%emt 0:00:01]} 4. Be2 {[%emt 0:00:00]} Bxf3 {[%emt 0:00:01]} 5. Bxf3 {[%emt 0:00:01]} Nf6 {[%emt 0:00:01]} 6. c4 {[%emt 0:00:00]} dxc4 {[%emt 0:00:01]} 7. Qa4 {[%emt 0:00:01]} e6 {[%emt 0:00:02]} 8. Qxc4 {[%emt 0:00:01]} Bb4+ {[%emt 0:00:02]} 9. Bd2 {[%emt 0:00:01]} Bxd2+ {[%emt 0:00:02]} 10. Nxd2 {[%emt 0:00:00]} O-O {[%emt 0:00:02]} 11. Bxc6 {[%emt 0:00:01]} bxc6 {[%emt 0:00:00]} 12. Qxc6 {[%emt 0:00:01]} Rb8 {[%emt 0:00:01]} 13. Qc2 {[%emt 0:00:01]} Nd5 {[%emt 0:00:02]} 14. a3 {[%emt 0:00:01]} f5 {[%emt 0:00:02]} 15. O-O {[%emt 0:00:02]} f4 {[%emt 0:00:01]} 16. e4 {[%emt 0:00:01]} Nf6 {[%emt 0:00:01]} 17. Qc4 {[%emt 0:00:02]} Kh8 {[%emt 0:00:04]} 18. b4 {[%emt 0:00:01]} Rb6 {[%emt 0:00:01]} 19. Nf3 {[%emt 0:00:01]} Nxe4 {[%emt 0:00:03]} 20. Rfe1 {[%emt 0:00:02]} Ng5 {[%emt 0:00:01]} 21. Nxg5 {[%emt 0:00:02]} Qxg5 {[%emt 0:00:01]} 22. f3 {[%emt 0:00:01]} Rf6 {[%emt 0:00:02]} 23. Re5 {[%emt 0:00:01]} Qh4 {[%emt 0:00:02]} 24. Rae1 {[%emt 0:00:02]} Rh6 {[%emt 0:00:01]} 25. h3 {[%emt 0:00:01]} Rg6 {[%emt 0:00:01]} 26. Kf1 {[%emt 0:00:03]} Qe7 {[%emt 0:00:07]} 27. d5 {[%emt 0:00:01]} Qd6 {[%emt 0:00:06]} 28. Rxe6 {[%emt 0:00:02]} Rxe6 {[%emt 0:00:02]} 29. Rxe6 {[%emt 0:00:01]} Qd7 {[%emt 0:00:01]} 30. Qxc7 {[%emt 0:00:03]} Qxc7 {[%emt 0:00:01]} 31. Re8# {[%emt 0:00:01] (Lag: Av=0.57s, max=1.4s)} 1-0

[Event "Stay Safe Play From Home 329"]
[Site "Mustafa Kemal Atatürk"]
[Date "2020.07.24"]
[Round "1"]
[White "lamborghini"]
[Black "Klasman"]
[Result "1-0"]
[WhiteElo "2190"]
[BlackElo "1330"]
[Annotator "TA"]
[PlyCount "17"]
[EventDate "2020.07.24"]
[EventType "swiss (blitz)"]

{[%evp 9,17,71,192,174,210,161,209,209,344,-588]} 1. e4 f5 2. exf5 Nf6 3. Ne2 ({Predecessor:} 3. g3 d5 4. Bg2 Bxf5 5. d4 e6 6. Nf3 c5 7. O-O Nc6 8. c3 Be7 9. Nh4 Bg4 {1-0 (53) Hasan,M (2180)-Golubka,P (2495) chess.com INT 2020}) 3... d5 4. Ng3 h5 5. h4 Ng4 (5... e5 $16 {was necessary.}) 6. d4 $18 {B00: Queen's Fianchetto Defence, Nimzowitsch Defence.} Nc6 7. c3 g6 8. fxg6 Be6 (8... Qd6 $142 9. Bd3 e5) 9. Qxg4 $4 {[%mdl 40960] Loss on time!?} (9. Na3 $18) 1-0

[Event "Stay Safe Play From Home 329"]
[Site "Mustafa Kemal Atatürk"]
[Date "2020.07.24"]
[Round "1"]
[White "Haxhi Baha"]
[Black "Meini"]
[Result "1-0"]
[WhiteElo "2071"]
[BlackElo "1507"]
[PlyCount "57"]
[EventDate "2020.07.24"]
[EventType "swiss (blitz)"]

1. e4 {[%emt 0:00:02]} c6 {[%emt 0:00:01]} 2. Nf3 {[%emt 0:00:01]} d5 {[%emt 0:00:00]} 3. Nc3 {[%emt 0:00:00]} dxe4 {[%emt 0:00:01]} 4. Nxe4 {[%emt 0:00:00]} Bf5 {[%emt 0:00:00]} 5. Ng3 {[%emt 0:00:01]} Bg6 {[%emt 0:00:00]} 6. d4 {[%emt 0:00:00]} e6 {[%emt 0:00:01]} 7. h4 {[%emt 0:00:00]} h6 {[%emt 0:00:01]} 8. h5 {[%emt 0:00:01]} Bh7 {[%emt 0:00:01]} 9. Bd3 {[%emt 0:00:00]} Nf6 {[%emt 0:00:01]} 10. Bxh7 {[%emt 0:00:02]} Nxh7 {[%emt 0:00:01]} 11. Bf4 {[%emt 0:00:01]} Be7 {[%emt 0:00:01]} 12. Qd2 {[%emt 0:00:01]} Ng5 {[%emt 0:00:01]} 13. Ne5 {[%emt 0:00:03]} Nd7 {[%emt 0:00:03]} 14. O-O-O {[%emt 0:00:02]} Nxe5 {[%emt 0:00:03]} 15. Bxe5 {[%emt 0:00:00]} Bf6 {[%emt 0:00:01]} 16. f4 {[%emt 0:00:02]} Nh7 {[%emt 0:00:02]} 17. Ne4 {[%emt 0:00:02]} O-O {[%emt 0:00:04]} 18. Kb1 {[%emt 0:00:02]} Qd5 {[%emt 0:00:04]} 19. Rde1 {[%emt 0:00:02]} Rfd8 {[%emt 0:00:02]} 20. g4 {[%emt 0:00:02]} b6 {[%emt 0:00:05]} 21. g5 {[%emt 0:00:01]} hxg5 {[%emt 0:00:03]} 22. Bxf6 {[%emt 0:00:01]} gxf6 {[%emt 0:00:05]} 23. fxg5 {[%emt 0:00:01]} Nxg5 {[%emt 0:00:02]} 24. Nxf6+ {[%emt 0:00:01]} Kg7 {[%emt 0:00:03]} 25. Nxd5 {[%emt 0:00:00]} Rxd5 {[%emt 0:00:00]} 26. c4 {[%emt 0:00:01]} Rf5 {[%emt 0:00:02]} 27. Rhg1 {[%emt 0:00:01]} Kh6 {[%emt 0:00:03]} 28. Rxg5 {[%emt 0:00:02]} Rb8 {[%emt 0:00:02]} 29. Reg1 {[%emt 0:00:00] Zeit (Lag: Av=0.68s, max=1.1s)} 1-0

[Event "Stay Safe Play From Home 329"]
[Site "Mustafa Kemal Atatürk"]
[Date "2020.07.24"]
[Round "1"]
[White "Stefanone"]
[Black "Lazieri3"]
[Result "1-0"]
[WhiteElo "2047"]
[BlackElo "2069"]
[PlyCount "121"]
[EventDate "2020.07.24"]
[EventType "swiss (blitz)"]

1. Nf3 {[%emt 0:00:01]} c6 {[%emt 0:00:02]} 2. g3 {[%emt 0:00:00]} d5 {[%emt 0:00:00]} 3. Bg2 {[%emt 0:00:00]} Nf6 {[%emt 0:00:00]} 4. d3 {[%emt 0:00:00]} Bf5 {[%emt 0:00:00]} 5. O-O {[%emt 0:00:00]} h6 {[%emt 0:00:01]} 6. Nbd2 {[%emt 0:00:00]} Qc8 {[%emt 0:00:01]} 7. c3 {[%emt 0:00:00]} Bh3 {[%emt 0:00:01]} 8. Qc2 {[%emt 0:00:01]} h5 {[%emt 0:00:01]} 9. e4 {[%emt 0:00:00]} dxe4 {[%emt 0:00:01]} 10. Nxe4 {[%emt 0:00:00]} Nxe4 {[%emt 0:00:01]} 11. dxe4 {[%emt 0:00:00]} h4 {[%emt 0:00:00]} 12. Bf4 {[%emt 0:00:02]} hxg3 {[%emt 0:00:01]} 13. fxg3 {[%emt 0:00:00]} Bxg2 {[%emt 0:00:00]} 14. Qxg2 {[%emt 0:00:01]} Qh3 {[%emt 0:00:02]} 15. Qxh3 {[%emt 0:00:01]} Rxh3 {[%emt 0:00:00]} 16. Kg2 {[%emt 0:00:00]} Rh5 {[%emt 0:00:01]} 17. Rad1 {[%emt 0:00:00]} Rb5 {[%emt 0:00:01]} 18. Rf2 {[%emt 0:00:02]} Nd7 {[%emt 0:00:02]} 19. Rfd2 {[%emt 0:00:01]} O-O-O {[%emt 0:00:02]} 20. Ne5 {[%emt 0:00:03]} Rxe5 {[%emt 0:00:03]} 21. Bxe5 {[%emt 0:00:01]} f6 {[%emt 0:00:01]} 22. Bf4 {[%emt 0:00:02]} e5 {[%emt 0:00:01]} 23. Be3 {[%emt 0:00:01]} b6 {[%emt 0:00:01]} 24. h4 {[%emt 0:00:01]} Be7 {[%emt 0:00:01]} 25. g4 {[%emt 0:00:01]} Kc7 {[%emt 0:00:02]} 26. Kg3 {[%emt 0:00:01]} a5 {[%emt 0:00:02]} 27. g5 {[%emt 0:00:01]} fxg5 {[%emt 0:00:01]} 28. hxg5 {[%emt 0:00:00]} g6 {[%emt 0:00:01]} 29. Kg4 {[%emt 0:00:01]} a4 {[%emt 0:00:03]} 30. a3 {[%emt 0:00:01]} c5 {[%emt 0:00:02]} 31. Bg1 {[%emt 0:00:02]} Kc6 {[%emt 0:00:02]} 32. Bh2 {[%emt 0:00:01]} Kc7 {[%emt 0:00:03]} 33. Bg3 {[%emt 0:00:03]} Kc6 {[%emt 0:00:01]} 34. Rd5 {[%emt 0:00:01]} Kc7 {[%emt 0:00:01]} 35. c4 {[%emt 0:00:01]} Nf8 {[%emt 0:00:03]} 36. Bxe5+ {[%emt 0:00:02]} Kc8 {[%emt 0:00:01]} 37. Bf6 {[%emt 0:00:02]} Re8 {[%emt 0:00:05]} 38. Bxe7 {[%emt 0:00:02]} Rxe7 {[%emt 0:00:00]} 39. Rd8+ {[%emt 0:00:00]} Kc7 {[%emt 0:00:01]} 40. Rxf8 {[%emt 0:00:01]} Rxe4+ {[%emt 0:00:00]} 41. Rf4 {[%emt 0:00:00]} Re2 {[%emt 0:00:01]} 42. Rb1 {[%emt 0:00:01]} Kc6 {[%emt 0:00:00]} 43. Rf6+ {[%emt 0:00:01]} Kb7 {[%emt 0:00:01]} 44. Rxg6 {[%emt 0:00:00]} Ka6 {[%emt 0:00:00]} 45. Rf6 {[%emt 0:00:01]} Rc2 {[%emt 0:00:00]} 46. Kf5 {[%emt 0:00:01]} Rxc4 {[%emt 0:00:01]} 47. g6 {[%emt 0:00:00]} Rc1 {[%emt 0:00:00]} 48. Rxc1 {[%emt 0:00:01]} Kb5 {[%emt 0:00:01]} 49. g7 {[%emt 0:00:00]} c4 {[%emt 0:00:00]} 50. g8=Q {[%emt 0:00:00]} c3 {[%emt 0:00:00]} 51. Qa2 {[%emt 0:00:02]} c2 {[%emt 0:00:01]} 52. Qd5+ {[%emt 0:00:03]} Ka6 {[%emt 0:00:01]} 53. Qd3+ {[%emt 0:00:01]} Ka5 {[%emt 0:00:01]} 54. Qc3+ {[%emt 0:00:01]} Ka6 {[%emt 0:00:00]} 55. Rxb6+ {[%emt 0:00:01]} Kxb6 {[%emt 0:00:01]} 56. Rxc2 {[%emt 0:00:00]} Kb5 {[%emt 0:00:00]} 57. Rd2 {[%emt 0:00:00]} Ka6 {[%emt 0:00:00]} 58. Rd6+ {[%emt 0:00:01]} Kb7 {[%emt 0:00:00]} 59. Qc6+ {[%emt 0:00:01]} Kb8 {[%emt 0:00:00]} 60. Rd8+ {[%emt 0:00:01]} Ka7 {[%emt 0:00:00]} 61. Ra8# {[%emt 0:00:00] (Lag: Av=0.69s, max=1.3s)} 1-0

[Event "Stay Safe Play From Home 329"]
[Site "Mustafa Kemal Atatürk"]
[Date "2020.07.24"]
[Round "1"]
[White "Trotsky"]
[Black "SelamiSahin"]
[Result "0-1"]
[WhiteElo "1653"]
[BlackElo "2111"]
[Annotator "TA"]
[PlyCount "62"]
[EventDate "2020.07.24"]
[EventType "swiss (blitz)"]

{[%evp 9,61,-36,-2,-49,-4,-109,-109,-93,-115,-146,-149,-155,-131,-156,-136,-164,-120,-191,-87,-257,-212,-255,-228,-248,-220,-201,-190,-237,-241,-240,-249,-258,0,-589,-579,-1206,-1175,-2600,-1055,-981,-845,-29984,-29986,-29986,-29987,-29989,-29990,-29996,-29997,-29997,-29998,-29998,-29999,-29999]} 1. d4 Nf6 2. e3 g6 3. c3 Bg7 4. c4 O-O 5. Nc3 c5 {[#]} 6. Bd3 $146 {A45: Trompowsky Attack.} ({Predecessor:} 6. Nf3 cxd4 7. exd4 d5 8. Be2 dxc4 9. Bxc4 a6 10. O-O b5 11. Bd3 Bb7 12. b4 {0-1 (27) Hajdo,H-Majoros,R (1460) Balatonlelle 2012}) 6... Nc6 7. a3 (7. d5 $11 {remains equal.} Ne5 8. Be2) 7... cxd4 $17 8. exd4 {Black is better.} Nxd4 9. Be3 Nc6 {[%cal Bd4c6,Bc6e5,Be5d3][%mdl 32]} 10. Nf3 d6 11. Qc2 Bg4 12. Ng5 Qa5 13. h3 {[#]} (13. O-O $17) 13... Bd7 (13... Nb4 $1 $19 {[%mdl 512] has better winning chances.} 14. axb4 Qxa1+ 15. Bc1 Bd7) 14. h4 $2 (14. O-O $17 {was necessary.}) 14... Ne5 15. h5 Nxd3+ 16. Qxd3 Bf5 ({Don't play} 16... gxh5 17. O-O) 17. Qd2 Nxh5 18. f3 Nf6 19. g4 Bd7 20. O-O-O Rac8 $2 {[#]} (20... Rfc8 $19 21. c5 Bc6) 21. Qc2 $2 {[%mdl 8192]} (21. Nxh7 $1 $11 {[%mdl 512] and White is okay.} Nxh7 22. Qh2) 21... Rxc4 $19 {...Ba4 is the strong threat.} 22. Rh2 Ba4 23. Qb1 Bxd1 24. Kxd1 Rxc3 25. Ke2 {[#]} Rxe3+ $1 {Black mates.} 26. Kxe3 Qxg5+ 27. Kf2 Rc8 28. Qh1 Rc2+ {[%mdl 64] Double Attack} 29. Kg3 {[#]} Ne4+ $1 30. fxe4 Be5+ {[%mdl 64] Skewer} 31. Kf3 Qf4# {Accuracy: White = 11%, Black = 48%.} 0-1

[Event "Stay Safe Play From Home 329"]
[Site "Mustafa Kemal Atatürk"]
[Date "2020.07.24"]
[Round "1"]
[White "New ton"]
[Black "SoulofWolf"]
[Result "0-1"]
[WhiteElo "1620"]
[BlackElo "2141"]
[Annotator "TA"]
[PlyCount "36"]
[EventDate "2020.07.24"]
[EventType "swiss (blitz)"]

{[%evp 9,35,-395,-389,-469,-400,-529,-400,-371,-341,-322,-287,-372,-331,-485,-396,-387,-387,-450,-436,-1092,-1074,-1261,-1235,-1793,-1137,-1453,-1203,-29999]} 1. e4 d5 2. Nc3 d4 3. Nd5 e6 4. Nf4 g5 {[#]} 5. f3 $146 ({Predecessor:} 5. Nd3 c5 6. Nxc5 Bxc5 7. c3 Nf6 8. cxd4 Qxd4 9. Qc2 Qxf2+ 10. Kd1 Qxf1# {0-1 (10) Polk,M (1229)-Fries,K (1703) Osterburg 2004}) 5... gxf4 6. d3 {A00: Irregular Openings.} e5 7. Nh3 h6 8. g3 {Black is winning.} Bxh3 9. Bxh3 Nd7 10. Bf5 Bd6 11. h4 (11. Bd2 $142) 11... Qe7 12. gxf4 exf4 13. Bxd7+ Qxd7 ({Less strong is} 13... Kxd7 14. Bd2 $19) 14. Bxf4 (14. Qe2 $142) 14... Bxf4 $19 15. c3 O-O-O 16. cxd4 Bg3+ 17. Ke2 Qxd4 {[%csl Gg3][%cal Rd4f2] [#]} 18. Rg1 Qf2# {Accuracy: White = 15%, Black = 32%.} 0-1

[Event "Stay Safe Play From Home 329"]
[Site "Mustafa Kemal Atatürk"]
[Date "2020.07.24"]
[Round "1"]
[White "Edmatuag"]
[Black "BrainThinker22"]
[Result "0-1"]
[WhiteElo "1615"]
[BlackElo "2375"]
[Annotator "NA"]
[PlyCount "46"]
[EventDate "2020.07.24"]
[EventType "swiss (blitz)"]

1. e4 {[%emt 0:00:03]} c6 {[%emt 0:00:01]} 2. d4 {[%emt 0:00:02]} d5 {[%emt 0:00:00]} 3. e5 {[%emt 0:00:01]} Bf5 {[%emt 0:00:01]} 4. Nf3 {[%emt 0:00:01]} e6 {[%emt 0:00:00]} 5. Be2 {[%emt 0:00:01]} c5 {[%emt 0:00:00]} 6. Be3 {[%emt 0:00:01]} cxd4 {[%emt 0:00:00]} 7. Bxd4 {[%emt 0:00:02]} Nc6 {[%emt 0:00:01]} 8. c3 {[%emt 0:00:01]} Nge7 {[%emt 0:00:03]} 9. Nbd2 {[%emt 0:00:02]} Ng6 {[%emt 0:00:01]} 10. O-O {[%emt 0:00:01]} Be7 {[%emt 0:00:01]} 11. g3 {[%emt 0:00:02]} Bh3 {[%emt 0:00:02]} 12. Re1 {[%emt 0:00:02]} O-O {[%emt 0:00:00]} 13. Nf1 {[%emt 0:00:03]} Rc8 {[%emt 0:00:01]} 14. Ne3 {[%emt 0:00:02]} f6 {[%emt 0:00:04]} 15. Qb3 {[%emt 0:00:02]} fxe5 {[%emt 0:00:02]} 16. Qxb7 {[%emt 0:00:10]} exd4 {[%emt 0:00:01]} 17. Nxd4 {[%emt 0:00:01]} Nxd4 {[%emt 0:00:01]} 18. cxd4 {[%emt 0:00:01]} Qc7 {[%emt 0:00:03]} 19. Qb3 {[%emt 0:00:04]} Bg5 {[%emt 0:00:06]} 20. f4 {[%emt 0:00:02]} Nxf4 {[%emt 0:00:02]} 21. gxf4 {[%emt 0:00:01]} Qxf4 {[%emt 0:00:01]} 22. Nxd5 {[%emt 0:00:01]} Qf2+ {[%emt 0:00:01]} 23. Kh1 {[%emt 0:00:01]} Bg2# {[%emt 0:00:00] (Lag: Av=0.51s, max=0.7s)} 0-1

[Event "Stay Safe Play From Home 329"]
[Site "Mustafa Kemal Atatürk"]
[Date "2020.07.24"]
[Round "1"]
[White "Mandy"]
[Black "NeatFox"]
[Result "0-1"]
[WhiteElo "892"]
[BlackElo "1841"]
[Annotator "NA"]
[PlyCount "46"]
[EventDate "2020.07.24"]
[EventType "swiss (blitz)"]

1. d4 {[%emt 0:00:03]} d6 {[%emt 0:00:01]} 2. Bf4 {[%emt 0:00:01]} Nf6 {[%emt 0:00:01]} 3. e3 {[%emt 0:00:01]} Nc6 {[%emt 0:00:02]} 4. Nf3 {[%emt 0:00:00]} Bd7 {[%emt 0:00:00]} 5. h3 {[%emt 0:00:01]} e6 {[%emt 0:00:01]} 6. Bd3 {[%emt 0:00:01]} d5 {[%emt 0:00:00]} 7. c3 {[%emt 0:00:01]} Bd6 {[%emt 0:00:00]} 8. Bxd6 {[%emt 0:00:03]} cxd6 {[%emt 0:00:00]} 9. Nbd2 {[%emt 0:00:02]} Qb6 {[%emt 0:00:01]} 10. Qb3 {[%emt 0:00:04]} Qxb3 {[%emt 0:00:01]} 11. Nxb3 {[%emt 0:00:04]} a6 {[%emt 0:00:01]} 12. O-O {[%emt 0:00:05]} e5 {[%emt 0:00:00]} 13. dxe5 {[%emt 0:00:09]} dxe5 {[%emt 0:00:00]} 14. Nxe5 {[%emt 0:00:01]} Nxe5 {[%emt 0:00:01]} 15. Bc2 {[%emt 0:00:08]} O-O {[%emt 0:00:01]} 16. e4 {[%emt 0:00:01]} dxe4 {[%emt 0:00:02]} 17. Bxe4 {[%emt 0:00:01]} Nxe4 {[%emt 0:00:01]} 18. f3 {[%emt 0:00:01]} Nf6 {[%emt 0:00:03]} 19. Nc5 {[%emt 0:00:03]} Bc6 {[%emt 0:00:01]} 20. Nxb7 {[%emt 0:00:02]} Bxb7 {[%emt 0:00:01]} 21. Rad1 {[%emt 0:00:02]} Nc4 {[%emt 0:00:01]} 22. b3 {[%emt 0:00:02]} Ne3 {[%emt 0:00:01]} 23. Rde1 {[%emt 0:00:02]} Nxf1 {[%emt 0:00:01] Zeit (Lag: Av=0.57s, max=1.0s)} 0-1

[Event "Stay Safe Play From Home 329"]
[Site "Mustafa Kemal Atatürk"]
[Date "2020.07.24"]
[Round "2"]
[White "BrainThinker22"]
[Black "Haxhi Baha"]
[Result "1-0"]
[WhiteElo "2375"]
[BlackElo "2073"]
[Annotator "NA"]
[PlyCount "79"]
[EventDate "2020.07.24"]
[EventType "swiss (blitz)"]

1. e4 {[%emt 0:00:01]} e6 {[%emt 0:00:01]} 2. Nc3 {[%emt 0:00:01]} d5 {[%emt 0:00:00]} 3. d3 {[%emt 0:00:00]} d4 {[%emt 0:00:01]} 4. Nce2 {[%emt 0:00:01]} c5 {[%emt 0:00:01]} 5. g3 {[%emt 0:00:00]} Nc6 {[%emt 0:00:00]} 6. Bg2 {[%emt 0:00:00]} Nf6 {[%emt 0:00:00]} 7. f4 {[%emt 0:00:00]} e5 {[%emt 0:00:00]} 8. f5 {[%emt 0:00:01]} g6 {[%emt 0:00:01]} 9. fxg6 {[%emt 0:00:03]} hxg6 {[%emt 0:00:00]} 10. h3 {[%emt 0:00:00]} Bg7 {[%emt 0:00:01]} 11. g4 {[%emt 0:00:01]} Nd7 {[%emt 0:00:03]} 12. Nf3 {[%emt 0:00:01]} Qf6 {[%emt 0:00:02]} 13. Bg5 {[%emt 0:00:01]} Qe6 {[%emt 0:00:01]} 14. Qd2 {[%emt 0:00:03]} f6 {[%emt 0:00:01]} 15. Bh4 {[%emt 0:00:00]} g5 {[%emt 0:00:01]} 16. Bg3 {[%emt 0:00:00]} Nb6 {[%emt 0:00:01]} 17. a3 {[%emt 0:00:03]} Bd7 {[%emt 0:00:01]} 18. c4 {[%emt 0:00:01]} dxc3 {[%emt 0:00:01]} 19. Nxc3 {[%emt 0:00:00]} O-O-O {[%emt 0:00:01]} 20. O-O-O {[%emt 0:00:00]} c4 {[%emt 0:00:01]} 21. dxc4 {[%emt 0:00:01]} Nxc4 {[%emt 0:00:00]} 22. Qd5 {[%emt 0:00:01]} Qxd5 {[%emt 0:00:04]} 23. exd5 {[%emt 0:00:00]} Nd4 {[%emt 0:00:01]} 24. Nxd4 {[%emt 0:00:02]} exd4 {[%emt 0:00:00]} 25. Rxd4 {[%emt 0:00:01]} f5 {[%emt 0:00:01]} 26. Rxc4+ {[%emt 0:00:01]} Bc6 {[%emt 0:00:02]} 27. dxc6 {[%emt 0:00:01]} b6 {[%emt 0:00:01]} 28. c7 {[%emt 0:00:03]} Rd3 {[%emt 0:00:02]} 29. Nd5 {[%emt 0:00:07]} Rxg3 {[%emt 0:00:04]} 30. Ne7+ {[%emt 0:00:01]} Kd7 {[%emt 0:00:01]} 31. Bb7 {[%emt 0:00:05]} Be5 {[%emt 0:00:07]} 32. Nxf5 {[%emt 0:00:05]} Rg2 {[%emt 0:00:02]} 33. c8=Q+ {[%emt 0:00:01]} Rxc8 {[%emt 0:00:03]} 34. Bxc8+ {[%emt 0:00:00]} Ke8 {[%emt 0:00:04]} 35. Re4 {[%emt 0:00:01]} Kd8 {[%emt 0:00:02]} 36. Rxe5 {[%emt 0:00:01]} Kxc8 {[%emt 0:00:00]} 37. Rd1 {[%emt 0:00:00]} Kb7 {[%emt 0:00:01]} 38. Nd6+ {[%emt 0:00:01]} Ka6 {[%emt 0:00:00]} 39. Rd4 {[%emt 0:00:01]} Rh2 {[%emt 0:00:01]} 40. Ra4# {[%emt 0:00:01] (Lag: Av=0.90s, max=1.3s)} 1-0

[Event "Stay Safe Play From Home 329"]
[Site "Mustafa Kemal Atatürk"]
[Date "2020.07.24"]
[Round "2"]
[White "SoulofWolf"]
[Black "Stefanone"]
[Result "1-0"]
[WhiteElo "2143"]
[BlackElo "2065"]
[Annotator "TA"]
[PlyCount "99"]
[EventDate "2020.07.24"]
[EventType "swiss (blitz)"]

{[%evp 9,99,37,85,0,0,-9,0,-12,72,0,14,-34,-44,-68,-34,-47,-40,-65,-50,-101,-30,-116,-70,-165,-187,-191,-29,-128,-61,-122,-116,-112,-119,-118,-69,-175,-156,-162,0,0,0,0,0,14,27,15,131,60,373,367,663,643,29988,5414,1404,1018,1045,559,849,0,980,650,29997,593,29992,29993,29994,29988,29996,29991,29991,29992,29998,29988,29992,29989,29988,29989,29993,29987,29990,29989,29991,29990,29990,29991,29991,29984,5617,8,8,8]} 1. d4 d6 2. Nf3 g6 3. c4 Bg7 4. Nc3 Nd7 5. Bg5 f5 6. h4 {A41: 1 d4 d6: Tartakower System and Modern Defence.} (6. e4 $16) 6... Ngf6 $11 7. e3 O-O 8. Bd3 Qe8 {[#]} (8... e5 $11 9. c5 e4 10. Bc4+ Kh8) 9. Qc2 $146 (9. h5 $16) ({Predecessor:} 9. Ne2 e5 10. dxe5 dxe5 11. Bc2 h6 12. Bxf6 Nxf6 13. Neg1 Qe7 14. a3 Rd8 15. Qe2 {0-1 (44) Butenco,H-Favero,M Porto Belo 1998}) 9... e5 10. dxe5 dxe5 11. Nd2 e4 12. Be2 Ne5 $36 {[%mdl 2048] Black is pushing.} 13. O-O Be6 14. b3 (14. Nb5 $15 Qe7 15. Nd4) 14... Nfg4 (14... c6 $17 15. Bf4 Nfd7) 15. a4 (15. Nb5 $11 Qf7 16. Rad1) 15... Qf7 16. g3 ({White should play} 16. Bf4 $15) 16... h6 $19 17. Bf4 {[#]} Qe7 $2 (17... g5 $1 $19 {[%mdl 512]} 18. Bxe5 (18. hxg5 Qh5) 18... Nxe5 19. hxg5 hxg5) 18. Rad1 (18. Nd5 $11 {keeps the balance.} Qf7 19. Bxe5 Nxe5 20. Nf4) 18... Rad8 (18... g5 $17 19. Bxe5 Nxe5 20. hxg5 hxg5) 19. Nb5 (19. Nd5 $15 Bxd5 20. cxd5) 19... g5 $17 20. hxg5 hxg5 21. Bxe5 Bxe5 (21... Nxe5 {feels hotter.} 22. Nd4 g4 23. Kg2 c5 24. Nxe6 Qxe6 25. Rh1 Kf7) 22. Nd4 (22. Bxg4 $1 $15 fxg4 23. c5 (23. Nxa7 $2 c6 $17) (23. Qxe4 $2 Bf5 $19)) 22... Bxd4 $19 23. exd4 {[#]} Rxd4 $2 (23... Nf6 $1 $19 {Strongly threatening ...Qh7.} 24. Qc3 f4) 24. Bxg4 $1 $11 fxg4 25. Nxe4 Rxd1 $1 26. Qxd1 Bf5 27. Nc3 Rd8 (27... c6 $11 {remains equal.}) 28. Qc1 (28. Nd5 $16 Qg7 29. Qe2) 28... Rd3 $2 {[%mdl 8192]} (28... c6 $14) 29. Re1 $18 Qh7 $2 (29... Qd8 30. Nd5 Kf7) 30. Qxg5+ Bg6 31. Nd5 (31. Re8+ $142 Kg7 32. Qe5+ {[%mdl 64] Double Attack} Kh6 33. Qf4+ {[%mdl 64] Double Attack} Kh5 34. Re5+ Bf5 35. Ne4 Rd1+ 36. Kg2) 31... Qf7 32. Nf6+ Kg7 33. Ne8+ Kf8 34. Nf6 Kg7 $1 35. Nh5+ Kf8 36. Nf4 (36. Qh6+ $142 Kg8 {[#]} 37. Re8+ $1 {[%mdl 576] Deflection} Qxe8 38. Qg7#) 36... Rf3 37. Nxg6+ Kg7 38. Re7 Rxf2 39. Rxf7+ Rxf7 40. Nf4+ Kf8 41. Qxg4 Rg7 42. Qc8+ Kf7 43. Qxc7+ Kf6 44. Qc5 b6 45. Nd5+ Ke5 46. Qc8 Rxg3+ 47. Kf2 Rxb3 48. Qe8+ Kd4 49. Qe3+ $2 ({White should try} 49. Qe2 $18 Kc5 50. Qe5 Kxc4 51. Ne3+ Kd3 52. Qc7 Kd4 53. Qc4+ {[%mdl 64] Double Attack} Ke5 54. Qxb3) 49... Rxe3 $11 50. Nxe3 {[%mdl 32768] Never resign too early! Accuracy: White = 29%, Black = 31%. . Loss on time!?} 1-0